Fußball WM 2026 - Alle Flaggen - Statistiken

Allgemein
  • Dieses Quiz wurde 231 mal gespielt
  • Das Durchschnittsergebnis liegt bei 34 aus 42
Antwortstatistiken
Bildquiz Antwort % Korrekt
USA
90%
Portugal
89%
England
88%
Schweiz
88%
Brasilien
87%
Japan
87%
Kanada
87%
Niederlande
87%
Spanien
87%
Belgien
86%
Deutschland
86%
Mexiko
86%
Argentinien
85%
Australien
85%
Frankreich
85%
Österreich
85%
Südafrika
85%
Ägypten
84%
Kroatien
84%
Norwegen
84%
Saudi-Arabien
83%
Schottland
83%
Südkorea
83%
Algerien
82%
Iran
82%
Katar
82%
Kolumbien
82%
Neuseeland
82%
Tunesien
82%
Uruguay
82%
Marokko
81%
Elfenbeinküste
80%
Panama
80%
Ghana
79%
Senegal
78%
Ecuador
74%
Haiti
71%
Paraguay
71%
Usbekistan
70%
Kap Verde
68%
Curacao
67%
Jordanien
64%
Keine übereinstimmenden Quizze gefunden
Verteilung der Resultate
Anzahl Personen mit jedem Resultat
Perzentil nach korrekt beantworteten Fragen
Ihre Resultats-Entwicklung
Sie haben dieses Quiz noch nicht gespielt